Flipped Flags Quiz Stats

 Plays Quiz Updated Jul 16, 2015

Challenge
Share
Tweet
Score 0/40 Timer 08:00
0 Plays Today
% Correct
Slovakia was flipped.
89.2%
Ghana is normal!
88.6%
Iraq was flipped.
81.9%
Slovenia is normal!
80.4%
Suriname is normal!
79.3%
Tajikistan was flipped.
78.9%
Venezuela was flipped.
78.9%
Spain is normal!
78.8%
Uzbekistan is normal!
76.7%
Egypt is normal!
75.3%
Ethiopia was flipped.
74.4%
Paraguay is normal.
74.2%
Lesotho was flipped.
74.1%
Myanmar is normal!
73.9%
Netherlands is normal!
69.3%
Nicaragua was flipped.
68.9%
Iran was flipped.
66.7%
Lithuania is normal!
66.3%
Sudan is normal!
65.2%
Hungary is normal!
64.5%
% Correct
Germany was flipped.
64%
Yemen is normal!
61.9%
Colombia is normal!
61.9%
Bolivia is normal!
61.2%
Russia was flipped.
59.6%
Luxembourg is normal!
59.2%
Bulgaria was flipped.
59%
Libya is normal!
58.7%
Niger was flipped.
57.3%
Sierra Leone is normal!
56.5%
Estonia was flipped.
53.9%
Oman is normal!
52.6%
Kuwait is normal!
51.9%
The Gambia was flipped.
49.4%
South Sudan was flipped.
38%
Gabon was flipped.
33.1%
Jordan was flipped.
32.8%
Azerbaijan was flipped.
31.3%
United Arab Emirates was flipped.
30.8%
Armenia was flipped.
27.6%

You're not logged in!

Compare scores with friends on all Sporcle quizzes.
OR
Log In

You Might Also Like...

Show Comments

Extras

Top Quizzes Today


Score Distribution

Your Account Isn't Verified!

In order to create a playlist on Sporcle, you need to verify the email address you used during registration. Go to your Sporcle Settings to finish the process.

Report this User

Report this user for behavior that violates our Community Guidelines.

Details: